000 00302nam a22001217a 4500
040 _cPearson
082 _a620.5
_bF746 N
100 _aFoster, Lynn E.
_954443
245 _aNanotechnology
_bScience, Innovation, and Opportunity
260 _bPearson
_c2007
300 _a283p.
_c25cm.
942 _2ddc
_cBK
999 _c616553
_d616553